00401nam a2200157Ia 4500003000400000008004100004040001600045082001300061100002200074245003500096260004200131300000800173490002500181650001500206650002200221GCL140319s9999 xx 000 0 eng d aGCL / cGCL04a843bM E1 aMONTAIGNE, MICHEL10aESSAIS 1 / cMONTAIGNE, MICHEL a[S.N] : bLE LIVRE DE POCHE ، c1994 a607 aLE LIVRE DE POCHEv004aLITERATURE04aFRENCH LITERATURE